[Event "Open 2003 des PSV Rostock"]
[Site "Rostock"]
[Date "2003.08.29"]
[Round "4.28"]
[White "Niessner, Robert"]
[Black "Boettcher, Dietmar"]
[Result "1/2-1/2"]
[WhiteElo "1533"]
[BlackElo "1751"]
[PlyCount "47"]
[EventDate "2003.08.28"]
[EventType "swiss"]
[EventRounds "7"]
[EventCountry "GER"]
[Source "Th. Schwetlick"]
[SourceDate "2003.08.28"]

1. e4 d5 2. exd5 Qxd5 3. d4 Nc6 4. c3 e5 5. dxe5 Qxd1+ 6. Kxd1 Nxe5 7. Bf4 Ng4
8. Bg3 Bf5 9. h3 O-O-O+ 10. Ke1 N8f6 11. Nf3 Ne4 12. Be5 Ngf6 13. Bc4 Bc5 14.
Bd4 Rhe8 15. Kf1 Bxd4 16. Nxd4 c5 17. g4 cxd4 18. gxf5 d3 19. Kg2 Nd5 20. Rd1
Nxf2 21. Kxf2 Re2+ 22. Kf3 Re3+ 23. Kf2 Re2+ 24. Kf3 1/2-1/2

[Event "Open 2003 des PSV Rostock"]
[Site "Rostock"]
[Date "2003.08.29"]
[Round "4.29"]
[White "Mueggenburg, Rolf"]
[Black "Vladov, Mark"]
[Result "1-0"]
[WhiteElo "1460"]
[BlackElo "1735"]
[PlyCount "49"]
[EventDate "2003.08.28"]
[EventType "swiss"]
[EventRounds "7"]
[EventCountry "GER"]
[Source "Th. Schwetlick"]
[SourceDate "2003.08.28"]

1. Nc3 d5 2. d4 e6 3. Nf3 c5 4. e4 dxe4 5. Nxe4 Nc6 6. Bb5 a6 7. Bxc6+ bxc6 8.
O-O cxd4 9. Nxd4 c5 10. Nf3 Bb7 11. Qe2 Qc7 12. Bg5 Be7 13. Rad1 h6 14. Bxe7
Nxe7 15. Nd6+ Kf8 16. Nxb7 Qxb7 17. c4 Nc6 18. Rd6 Rd8 19. Rxd8+ Nxd8 20. Rd1
Ke7 21. Ne5 Qa8 22. Rd7+ Ke8 23. Qd3 Qc8 24. Qd6 Nc6 25. Rxf7 1-0

[Event "Open 2003 des PSV Rostock"]
[Site "Rostock"]
[Date "2003.08.29"]
[Round "4.31"]
[White "Burghardt, Bernd"]
[Black "Glebow, Roman"]
[Result "0-1"]
[WhiteElo "1663"]
[BlackElo "1498"]
[PlyCount "62"]
[EventDate "2003.08.28"]
[EventType "swiss"]
[EventRounds "7"]
[EventCountry "GER"]
[Source "Th. Schwetlick"]
[SourceDate "2003.08.28"]

1. d4 e6 2. Nf3 Nf6 3. c4 d5 4. Nc3 dxc4 5. e4 Be7 6. Bxc4 O-O 7. O-O b6 8. Ne5
Bb7 9. f3 c5 10. d5 exd5 11. exd5 Na6 12. Nc6 Bxc6 13. dxc6 Nb4 14. Qxd8 Bxd8
15. Bf4 Nxc6 16. Ba6 Na5 17. a3 Ne8 18. Nd5 Bf6 19. Nxf6+ Nxf6 20. b4 Nd5 21.
bxa5 Nxf4 22. Bb7 Rad8 23. a6 Rd2 24. Rf2 Rfd8 25. Re1 Rxf2 26. Kxf2 Nd3+ 27.
Kf1 Nxe1 28. Kxe1 c4 29. Be4 c3 30. Bc2 Rd2 31. Bd1 Rxg2 0-1

[Event "Open 2003 des PSV Rostock"]
[Site "Rostock"]
[Date "2003.08.29"]
[Round "4.33"]
[White "Kupfer, Wilfried"]
[Black "Salden, Franziska"]
[Result "1-0"]
[WhiteElo "1185"]
[BlackElo "1513"]
[PlyCount "69"]
[EventDate "2003.08.28"]
[EventType "swiss"]
[EventRounds "7"]
[EventCountry "GER"]
[Source "Th. Schwetlick"]
[SourceDate "2003.08.28"]

1. e4 e6 2. d4 d5 3. e5 c5 4. Be3 Qb6 5. b3 Nc6 6. Nf3 Bd7 7. c3 Rc8 8. Be2
cxd4 9. cxd4 Nb4 10. Na3 Qa5 11. O-O Qxa3 12. Bc1 Qa5 13. Ng5 Nh6 14. a3 Nc6
15. g4 Be7 16. Nh3 Qc3 17. Be3 Qa5 18. b4 Qd8 19. f4 a6 20. Qd2 Bf8 21. Kh1 Na7
22. Rf2 Bb5 23. f5 Bxe2 24. Qxe2 Qd7 25. Bxh6 gxh6 26. fxe6 fxe6 27. g5 Rc7 28.
Raf1 Qe7 29. gxh6 Kd8 30. Qh5 Qe8 31. Qg5+ Kc8 32. Qg4 Bxh6 33. Rf6 Bf8 34.
Rxe6 Qd8 35. Re8+ {ZÜ} 1-0

[Event "Open 2003 des PSV Rostock"]
[Site "Rostock"]
[Date "2003.08.29"]
[Round "4.34"]
[White "Deicke, Detlef"]
[Black "Wessolek, Peter"]
[Result "1/2-1/2"]
[WhiteElo "995"]
[BlackElo "1492"]
[PlyCount "110"]
[EventDate "2003.08.28"]
[EventType "swiss"]
[EventRounds "7"]
[EventCountry "GER"]
[Source "Th. Schwetlick"]
[SourceDate "2003.08.28"]

1. Nf3 e6 2. c4 Nf6 3. g3 d5 4. Bg2 dxc4 5. Qa4+ Bd7 6. Qxc4 Nc6 7. O-O Be7 8.
d3 O-O 9. Qc2 e5 10. Nc3 Bg4 11. a3 Qd7 12. Be3 Nd4 13. Qd1 Nxf3+ 14. exf3 Bh3
15. Qe2 Bxg2 16. Kxg2 Bd6 17. Ne4 Qf5 18. Nxf6+ Qxf6 19. Rad1 Qg6 20. Bc1 Rae8
21. Qe4 Qxe4 22. fxe4 Bc5 23. b4 Bd4 24. a4 Rd8 25. Ba3 Rd7 26. b5 Rfd8 27. f4
exf4 28. Rxf4 Be3 29. Rf5 Rxd3 30. Rxd3 Rxd3 31. Re5 h6 32. Be7 Rd7 33. Bc5
Bxc5 34. Rxc5 b6 35. Rd5 Rd6 36. Kf2 Kf8 37. Ke3 Rxd5 38. exd5 Ke7 39. g4 Kd6
40. Kd4 g6 41. Ke4 f5+ 42. gxf5 gxf5+ 43. Kxf5 Kxd5 44. h4 c6 45. bxc6 Kxc6 46.
h5 b5 47. axb5+ Kxb5 48. Kg6 a5 49. Kxh6 a4 50. Kg7 a3 51. h6 a2 52. h7 a1=Q+
53. Kg8 Qa2+ 54. Kg7 Qb2+ 55. Kg8 Qb3+ 1/2-1/2

[Event "Open 2003 des PSV Rostock"]
[Site "Rostock"]
[Date "2003.08.30"]
[Round "5.1"]
[White "Jeske, Eckhard"]
[Black "Seils, Joerg"]
[Result "1/2-1/2"]
[WhiteElo "2213"]
[BlackElo "2370"]
[PlyCount "43"]
[EventDate "2003.08.28"]
[EventType "swiss"]
[EventRounds "7"]
[EventCountry "GER"]
[Source "Th. Schwetlick"]
[SourceDate "2003.08.28"]

1. c4 e6 2. Nc3 d5 3. d4 Nf6 4. cxd5 exd5 5. Bg5 Be7 6. e3 c6 7. Bd3 Nbd7 8.
Qc2 O-O 9. Nf3 Re8 10. O-O h6 11. Bh4 Ne4 12. Bxe7 Qxe7 13. Nd2 Ndf6 14. Rfe1
Nxd2 15. Qxd2 Qd6 16. f3 Bd7 17. Qf2 c5 18. dxc5 Qxc5 19. e4 Qxf2+ 20. Kxf2 Bc6
21. exd5 Nxd5 22. Nxd5 1/2-1/2

[Event "Open 2003 des PSV Rostock"]
[Site "Rostock"]
[Date "2003.08.30"]
[Round "5.2"]
[White "Gottschalk, Jens"]
[Black "Tomczak, Rafal"]
[Result "0-1"]
[WhiteElo "2195"]
[BlackElo "2295"]
[PlyCount "172"]
[EventDate "2003.08.28"]
[EventType "swiss"]
[EventRounds "7"]
[EventCountry "GER"]
[Source "Th. Schwetlick"]
[SourceDate "2003.08.28"]

1. d4 d5 2. Nc3 g6 3. e4 dxe4 4. Nxe4 Bg7 5. c3 Nd7 6. Nf3 Ngf6 7. Bd3 O-O 8.
Bg5 Nxe4 9. Bxe4 Nf6 10. Bd3 Qd5 11. Qb3 Qxb3 12. axb3 h6 13. Bd2 Rd8 14. b4
Be6 15. Ra3 Bd5 16. Ke2 a6 17. Rha1 Rac8 18. Rd1 Ne4 19. Bxe4 Bxe4 20. Be3 e6
21. Ne1 h5 22. f3 Bc6 23. c4 Ra8 24. b3 b6 25. Nc2 Bb7 26. Rda1 f5 27. Bf4 Rac8
28. Rd1 c5 29. bxc5 bxc5 30. Be5 cxd4 31. Bxg7 Kxg7 32. Nxd4 Kf6 33. Nc2 Rxd1
34. Kxd1 g5 35. Nb4 g4 36. Ke2 Ke5 37. Ra2 gxf3+ 38. gxf3 h4 39. Rd2 Rg8 40.
Kf2 h3 41. Nd3+ Kf6 42. Ne1 Ke5 43. Rd7 Bc8 44. Rh7 Kd4 45. Rxh3 f4 46. Ke2 Kc3
47. Rh4 Kxb3 48. Rxf4 a5 49. Nd3 a4 50. Nc5+ Kb4 51. Nxa4 Kxa4 52. Ke3 Kb4 53.
Kd4 Rg5 54. Rf7 Rc5 55. f4 Rxc4+ 56. Ke5 Kc3 57. h4 Kd3 58. Kd6 Rd4+ 59. Kc7
Rc4+ 60. Kd6 Ke3 61. h5 Rd4+ 62. Kc7 Ba6 63. f5 exf5 64. Rxf5 Bd3 65. Rf6 Ke4
66. Rd6 Rc4+ 67. Kd7 Bc2 68. Re6+ Kf5 69. Ra6 Kg5 70. h6 Bg6 71. Ke6 Kxh6 72.
Ra1 Rc5 73. Re1 Kg7 74. Re5 Rc1 75. Kd5 Kf6 76. Re6+ Kf5 77. Ra6 Bf7+ 78. Kd4
Rd1+ 79. Kc3 Ke4 80. Kc2 Rd8 81. Rc6 Kd4 82. Rc7 Bd5 83. Kd2 Rh8 84. Kc1 Bc4
85. Rg7 Kc3 86. Rg1 Ra8 0-1

[Event "Open 2003 des PSV Rostock"]
[Site "Rostock"]
[Date "2003.08.30"]
[Round "5.3"]
[White "Hueneburg, Christian"]
[Black "Steinhagen, Bernd"]
[Result "0-1"]
[WhiteElo "2268"]
[BlackElo "2222"]
[PlyCount "76"]
[EventDate "2003.08.28"]
[EventType "swiss"]
[EventRounds "7"]
[EventCountry "GER"]
[Source "Th. Schwetlick"]
[SourceDate "2003.08.28"]

1. e4 c5 2. Nf3 e6 3. d3 Nc6 4. g3 Nge7 5. Bg2 g6 6. O-O Bg7 7. c3 O-O 8. a3 d5
9. Qe2 d4 10. e5 dxc3 11. Nxc3 Nf5 12. Bg5 Ncd4 13. Nxd4 Qxg5 14. Nxf5 exf5 15.
f4 Qe7 16. Nd5 Qd8 17. d4 Be6 18. dxc5 Bxd5 19. Rfd1 Qe7 20. Rxd5 Rac8 21. Rad1
Rxc5 22. Rd7 Qe8 23. Rxb7 Qa4 24. Bd5 Rc2 25. Qd3 Rcc8 26. Bxf7+ Rxf7 27. Rxf7
Kxf7 28. Qd5+ Kf8 29. Qd6+ Kf7 30. Qd5+ Kf8 31. Qd6+ Kf7 32. e6+ Kg8 33. e7 Bf6
34. Qe6+ Kg7 35. b3 Qe8 36. Rd6 Bxe7 37. Rd7 Kf8 38. Rxa7 Bc5+ 0-1

[Event "Open 2003 des PSV Rostock"]
[Site "Rostock"]
[Date "2003.08.30"]
[Round "5.4"]
[White "Knuth, Hannes"]
[Black "Kutschke, Peter"]
[Result "0-1"]
[WhiteElo "2313"]
[BlackElo "2109"]
[PlyCount "82"]
[EventDate "2003.08.28"]
[EventType "swiss"]
[EventRounds "7"]
[EventCountry "GER"]
[Source "Th. Schwetlick"]
[SourceDate "2003.08.28"]

1. d4 d5 2. c4 Bf5 3. cxd5 Bxb1 4. Qa4+ c6 5. Rxb1 Qxd5 6. f3 Nf6 7. Bf4 Qf5 8.
e4 Qxf4 9. Ne2 Qc7 10. d5 b5 11. Qc2 e6 12. dxe6 Bb4+ 13. Nc3 fxe6 14. a3 Ba5
15. b4 Bb6 16. g3 O-O 17. Qb3 Qf7 18. Bh3 Re8 19. e5 Nd5 20. f4 Nxc3 21. Qxc3
Nd7 22. Rd1 c5 23. Rd6 cxb4 24. axb4 Rac8 25. Qd2 Nf8 26. Bf1 Qc7 27. Bxb5 Qc1+
28. Qxc1 Rxc1+ 29. Rd1 Rxd1+ 30. Kxd1 Rd8+ 31. Kc2 Kf7 32. h4 Rd4 33. Kc3 Ng6
34. Bd3 h6 35. Bc4 Ne7 36. Kb3 Nf5 37. Rh3 Ne3 38. Be2 Nd5 39. Bc4 Rd1 40. b5
Rd2 41. h5 Ne3 0-1

[Event "Open 2003 des PSV Rostock"]
[Site "Rostock"]
[Date "2003.08.30"]
[Round "5.5"]
[White "Prosch, Carsten"]
[Black "Wagner Michel, Annett"]
[Result "1/2-1/2"]
[WhiteElo "2236"]
[BlackElo "2145"]
[PlyCount "113"]
[EventDate "2003.08.28"]
[EventType "swiss"]
[EventRounds "7"]
[EventCountry "GER"]
[Source "Th. Schwetlick"]
[SourceDate "2003.08.28"]

1. Nf3 d5 2. g3 Nd7 3. d4 Ngf6 4. Bg2 b6 5. c4 e6 6. cxd5 exd5 7. Ne5 Bb4+ 8.
Nc3 Ne4 9. O-O Bxc3 10. bxc3 Bb7 11. c4 O-O 12. cxd5 Bxd5 13. Qc2 Nxe5 14. dxe5
f5 15. exf6 Qxf6 16. Bb2 Qe7 17. f3 Nd6 18. e4 Bf7 19. Qc3 Be6 20. Rae1 c5 21.
f4 Nb5 22. Qe5 Qf7 23. a4 Nd4 24. Bxd4 cxd4 25. Qxd4 Rfd8 26. Qb2 Rd3 27. f5
Bc4 28. Rf2 Rad8 29. Qc1 Bb3 30. Bf1 Rd1 31. Rxd1 Rxd1 32. Qc8+ Qf8 33. Qc3 Qf7
34. e5 Qc4 35. Qxc4+ Bxc4 36. Kg2 Bxf1+ 37. Rxf1 Rd5 38. e6 Kf8 39. Rf4 Ke7 40.
g4 a6 41. g5 Rd8 42. Re4 b5 43. axb5 axb5 44. Kg3 Rb8 45. Rd4 Rb7 46. Rb4 g6
47. Kf4 Rb8 48. Ke5 gxf5 49. Kxf5 Rf8+ 50. Ke5 Rf2 51. Rh4 Re2+ 52. Kd5 Rd2+
53. Kc5 Kxe6 54. Rh6+ Kf7 55. h4 Kg7 56. Kxb5 Rc2 57. Kb4 1/2-1/2

[Event "Open 2003 des PSV Rostock"]
[Site "Rostock"]
[Date "2003.08.30"]
[Round "5.6"]
[White "Ruesch, Hans Joachim"]
[Black "Priebe, Jan"]
[Result "1-0"]
[WhiteElo "2110"]
[BlackElo "2181"]
[PlyCount "71"]
[EventDate "2003.08.28"]
[EventType "swiss"]
[EventRounds "7"]
[EventCountry "GER"]
[Source "Th. Schwetlick"]
[SourceDate "2003.08.28"]

1. d4 Nf6 2. Nf3 g6 3. c4 Bg7 4. Nc3 O-O 5. e4 d6 6. Be2 e5 7. O-O Nc6 8. d5
Ne7 9. Bd2 Kh8 10. c5 Neg8 11. cxd6 cxd6 12. Rc1 Bh6 13. Ne1 Ne8 14. Nd3 f5 15.
Bxh6 Nxh6 16. f4 exf4 17. Nxf4 Qb6+ 18. Kh1 Nf6 19. Qd2 Nhg4 20. Bxg4 Nxg4 21.
Rce1 Re8 22. h3 Ne5 23. exf5 Bxf5 24. g4 Bd7 25. Ne4 Rf8 26. Ng5 Bb5 27. Rf2
Rf6 28. Ne4 Rf7 29. Nxg6+ hxg6 30. Qh6+ Kg8 31. Rxf7 Kxf7 32. Qh7+ Kf8 33. Qh8+
Ke7 34. Qxa8 Nf3 35. Nxd6+ Kxd6 36. Re6+ 1-0

[Event "Open 2003 des PSV Rostock"]
[Site "Rostock"]
[Date "2003.08.30"]
[Round "5.7"]
[White "Schramm, Christian"]
[Black "Oldach, Ehrenfried"]
[Result "1-0"]
[WhiteElo "2353"]
[BlackElo "2057"]
[PlyCount "45"]
[EventDate "2003.08.28"]
[EventType "swiss"]
[EventRounds "7"]
[EventCountry "GER"]
[Source "Th. Schwetlick"]
[SourceDate "2003.08.28"]

1. e4 e5 2. Bc4 Nf6 3. d3 d6 4. Nf3 Be7 5. c3 Nc6 6. Bb3 Bg4 7. h3 Bh5 8. Nbd2
O-O 9. Nf1 Na5 10. Bc2 c5 11. Ng3 Bg6 12. Qe2 Nc6 13. Nh4 Re8 14. Nxg6 hxg6 15.
h4 Nh7 16. h5 g5 17. Nf5 Bf8 18. Qg4 Qf6 19. Bb3 Ne7 20. Ne3 Rad8 21. Rh3 Qf4
22. Qe2 Nf6 23. g3 1-0

[Event "Open 2003 des PSV Rostock"]
[Site "Rostock"]
[Date "2003.08.30"]
[Round "5.8"]
[White "Rudolf, Henrik"]
[Black "Hammel, Ralf"]
[Result "1/2-1/2"]
[WhiteElo "2316"]
[BlackElo "2120"]
[PlyCount "50"]
[EventDate "2003.08.28"]
[EventType "swiss"]
[EventRounds "7"]
[EventCountry "GER"]
[Source "Th. Schwetlick"]
[SourceDate "2003.08.28"]

1. e4 e6 2. d4 d5 3. Nc3 Bb4 4. e5 c5 5. a3 Bxc3+ 6. bxc3 Ne7 7. Qg4 Qc7 8.
Qxg7 Rg8 9. Qxh7 cxd4 10. Ne2 Nbc6 11. f4 Bd7 12. Qd3 dxc3 13. Qxc3 O-O-O 14.
Rb1 d4 15. Qd3 Nf5 16. Rg1 f6 17. g4 Nh4 18. exf6 e5 19. f7 Rxg4 20. Rxg4 Bxg4
21. Bh3 Qd7 22. Bxg4 Qxg4 23. Qg3 Qh5 24. Rb5 Nf3+ 25. Kf2 Nxh2 1/2-1/2

[Event "Open 2003 des PSV Rostock"]
[Site "Rostock"]
[Date "2003.08.30"]
[Round "5.9"]
[White "Schinke, Andreas"]
[Black "Porsch, Harald"]
[Result "1/2-1/2"]
[WhiteElo "2072"]
[BlackElo "2248"]
[PlyCount "140"]
[EventDate "2003.08.28"]
[EventType "swiss"]
[EventRounds "7"]
[EventCountry "GER"]
[Source "Th. Schwetlick"]
[SourceDate "2003.08.28"]

1. e4 c5 2. Nf3 Nc6 3. c3 Nf6 4. e5 Nd5 5. d4 cxd4 6. cxd4 d6 7. Bc4 e6 8. O-O
dxe5 9. dxe5 Be7 10. Qe2 Nb6 11. Bd3 Bd7 12. Rd1 Nb4 13. Be4 N4d5 14. a3 Qc7
15. b4 Ba4 16. Re1 Rc8 17. Bd2 O-O 18. g3 Qd7 19. Rc1 Rxc1+ 20. Bxc1 Rc8 21.
Bb2 f5 22. exf6 Bxf6 23. Bxf6 Rc1+ 24. Kg2 Nxf6 25. Bd3 Qd5 26. Qe3 Bd1 27. Be2
Bxe2 28. Qxe2 Ne4 29. Nbd2 Rxa1 30. Nxe4 Qd1 31. Qxd1 Rxd1 32. Nc5 Ra1 33. Nxb7
Rxa3 34. Nd4 e5 35. Nc6 Nc4 36. b5 a6 37. bxa6 Rxa6 38. Ne7+ Kf8 39. Nf5 Rf6
40. g4 Rc6 41. Kf3 Nd2+ 42. Ke2 Ne4 43. Ke3 Nf6 44. g5 Rc3+ 45. Ke2 Ne4 46. h4
Rb3 47. Nd8 g6 48. Ne3 Rb2+ 49. Kf3 Nxf2 50. Ne6+ Kf7 51. Nc7 e4+ 52. Kf4 Ra2
53. Ncd5 Ra1 54. Ng2 Rg1 55. Kg3 Nd1 56. Kh2 Rf1 57. Ngf4 e3 58. Kg3 Re1 59.
Kf3 Rh1 60. Kg3 Nf2 61. Nxe3 Ne4+ 62. Kg4 Nd6 63. Nfg2 Rh2 64. Kg3 Rh1 65. Kg4
Nf5 66. Nxf5 gxf5+ 67. Kxf5 Rh2 68. Nf4 Rxh4 69. Ng2 Rh1 70. Nf4 Rg1 1/2-1/2

[Event "Open 2003 des PSV Rostock"]
[Site "Rostock"]
[Date "2003.08.30"]
[Round "5.10"]
[White "Miersch, Marco"]
[Black "Schoenrock, Ruediger"]
[Result "0-1"]
[WhiteElo "2106"]
[BlackElo "2203"]
[PlyCount "62"]
[EventDate "2003.08.28"]
[EventType "swiss"]
[EventRounds "7"]
[EventCountry "GER"]
[Source "Th. Schwetlick"]
[SourceDate "2003.08.28"]

1. e4 e5 2. Nf3 Nf6 3. d3 d5 4. exd5 Qxd5 5. Nc3 Bb4 6. Bd2 Bxc3 7. Bxc3 Nc6 8.
Be2 O-O 9. O-O Bf5 10. Nh4 Bd7 11. Bf3 Qd6 12. a3 Rfe8 13. Re1 Nd5 14. Bd2 Nd4
15. Be4 f5 16. c3 fxe4 17. dxe4 Nf6 18. cxd4 exd4 19. Qc2 c5 20. f4 Qb6 21. e5
Ng4 22. h3 d3 23. Qxd3 c4+ 24. Be3 cxd3 25. Bxb6 axb6 26. hxg4 Bxg4 27. Nf3
Rac8 28. Rec1 Bxf3 29. gxf3 d2 30. Rd1 Rc2 31. Rab1 Rec8 0-1

[Event "Open 2003 des PSV Rostock"]
[Site "Rostock"]
[Date "2003.08.30"]
[Round "5.11"]
[White "Roehl, Rainer"]
[Black "Luetje, Juergen"]
[Result "1-0"]
[WhiteElo "2180"]
[BlackElo "2042"]
[PlyCount "81"]
[EventDate "2003.08.28"]
[EventType "swiss"]
[EventRounds "7"]
[EventCountry "GER"]
[Source "Th. Schwetlick"]
[SourceDate "2003.08.28"]

1. d4 d5 2. c4 c6 3. cxd5 cxd5 4. Nc3 e6 5. Bf4 Bd6 6. Bxd6 Qxd6 7. e3 Nd7 8.
f4 f5 9. Nf3 a6 10. Bd3 Ngf6 11. Ne5 O-O 12. O-O Ne4 13. Rc1 b6 14. Bxe4 fxe4
15. Na4 Nxe5 16. dxe5 Qd8 17. Rc6 Rb8 18. Qd4 Bd7 19. Rd6 Qc7 20. Nxb6 Bb5 21.
Rd1 Bc6 22. Na4 Bxa4 23. Qxa4 Rxb2 24. Rc6 Rxa2 25. Rxc7 Rxa4 26. Rb1 Rc4 27.
Ra7 Kh8 28. Rbb7 Rg8 29. Rxa6 Rc1+ 30. Kf2 Rc2+ 31. Kg3 Re2 32. Rxe6 Rxe3+ 33.
Kf2 Rc3 34. Ree7 d4 35. f5 Ra8 36. Ra7 Rb8 37. Reb7 Rc2+ 38. Kg3 Rc3+ 39. Kf4
g5+ 40. Kxe4 Rxb7 41. Rxb7 1-0

[Event "Open 2003 des PSV Rostock"]
[Site "Rostock"]
[Date "2003.08.30"]
[Round "5.12"]
[White "Dankesreiter, Arne"]
[Black "Hornych, Christoph"]
[Result "0-1"]
[WhiteElo "1995"]
[BlackElo "2169"]
[PlyCount "89"]
[EventDate "2003.08.28"]
[EventType "swiss"]
[EventRounds "7"]
[EventCountry "GER"]
[Source "Th. Schwetlick"]
[SourceDate "2003.08.28"]

1. b3 d5 2. Bb2 Nf6 3. e3 c5 4. f4 Nc6 5. Bb5 Bd7 6. Nf3 e6 7. O-O Be7 8. Bxc6
Bxc6 9. Ne5 Qc7 10. d3 Bd6 11. Nd2 h5 12. Ndf3 Ng4 13. Nxg4 hxg4 14. Ne5 f5 15.
Nxc6 bxc6 16. g3 Rh3 17. e4 Kf7 18. exf5 exf5 19. Be5 Bxe5 20. fxe5 Qxe5 21.
Qxg4 Qe3+ 22. Kh1 Rxh2+ 23. Kxh2 Rh8+ 24. Qh4 Rxh4+ 25. gxh4 f4 26. Rg1 Qf2+
27. Kh3 Qxc2 28. Raf1 Qxd3+ 29. Kg4 Kg6 30. Kxf4+ Kh6 31. Ke5 c4 32. Kd6 c3 33.
Rf8 Kh7 34. Rg5 g6 35. h5 gxh5 36. Rxh5+ Kg7 37. Rff5 Qg3+ 38. Kxc6 Qg6+ 39.
Kxd5 c2 40. Rhg5 c1=Q 41. Rxg6+ Kxg6 42. Rf2 Qe1 43. Rg2+ Kf5 44. Kd6 Qe5+ 45.
Kd7 0-1

[Event "Open 2003 des PSV Rostock"]
[Site "Rostock"]
[Date "2003.08.30"]
[Round "5.13"]
[White "Dettmann, Gerd"]
[Black "Resnjanskij, Denis"]
[Result "1-0"]
[WhiteElo "2162"]
[BlackElo "1953"]
[PlyCount "105"]
[EventDate "2003.08.28"]
[EventType "swiss"]
[EventRounds "7"]
[EventCountry "GER"]
[Source "Th. Schwetlick"]
[SourceDate "2003.08.28"]

1. e4 d5 2. exd5 Qxd5 3. Nc3 Qa5 4. d4 c6 5. Nf3 Nf6 6. Ne5 Nbd7 7. Nc4 Qd8 8.
Bf4 Nb6 9. Qd2 Be6 10. Ne5 Nbd5 11. Bd3 Nxf4 12. Qxf4 Qa5 13. O-O g5 14. Qe3 h5
15. Ne4 Nxe4 16. Bxe4 Bg7 17. Nxc6 Qb6 18. Ne5 O-O-O 19. Rad1 g4 20. c4 h4 21.
c5 Qc7 22. c6 Bxe5 23. cxb7+ Kb8 24. dxe5 Qxe5 25. Rfe1 h3 26. Bc6 Qxe3 27.
fxe3 Rxd1 28. Rxd1 Kc7 29. Rc1 Kb8 30. Rd1 Kc7 31. Bd5 Bxd5 32. Rxd5 Kxb7 33.
Rd7+ Kb6 34. Rxe7 Rd8 35. gxh3 gxh3 36. Rxf7 Rg8+ 37. Kf1 a5 38. Rf3 Rg2 39.
Rf2 Rg8 40. Ke2 Rg7 41. Kf3 Rg1 42. e4 Kc5 43. Rd2 Rf1+ 44. Kg3 Re1 45. Kxh3
Re3+ 46. Kg2 Rxe4 47. Kg3 Re8 48. h4 Re1 49. h5 Rg1+ 50. Rg2 Rd1 51. h6 Rd3+
52. Kg4 Rd4+ 53. Kh5 1-0

[Event "Open 2003 des PSV Rostock"]
[Site "Rostock"]
[Date "2003.08.30"]
[Round "5.14"]
[White "Giese, Guido"]
[Black "Schroeder, Christian"]
[Result "1/2-1/2"]
[WhiteElo "2023"]
[BlackElo "2155"]
[PlyCount "94"]
[EventDate "2003.08.28"]
[EventType "swiss"]
[EventRounds "7"]
[EventCountry "GER"]
[Source "Th. Schwetlick"]
[SourceDate "2003.08.28"]

1. Nc3 d5 2. e4 d4 3. Nce2 e5 4. Ng3 Be6 5. c3 d3 6. Qf3 c5 7. Qxd3 Qc7 8. Qc2
Nc6 9. d3 g6 10. Nf3 Rd8 11. Be3 f5 12. exf5 gxf5 13. Bg5 Be7 14. Be2 Nf6 15.
Bxf6 Bxf6 16. Nd2 Kd7 17. Nh5 Rhf8 18. Nxf6+ Rxf6 19. O-O-O Kc8 20. Rhe1 Na5
21. Nc4 Nxc4 22. dxc4 Rff8 23. Rxd8+ Rxd8 24. Rd1 e4 25. Rxd8+ Qxd8 26. g3 Qg8
27. b3 Qg5+ 28. Qd2 Qe7 29. Qf4 Qc7 30. Qxc7+ Kxc7 31. Kd2 Kd6 32. Ke3 Ke5 33.
Bh5 Bg8 34. Be8 Be6 35. f3 exf3 36. Kxf3 Bg8 37. Bd7 Bf7 38. Bc8 Bh5+ 39. Ke3
b6 40. Ba6 Bd1 41. Bb5 Bc2 42. b4 Bd1 43. Bc6 Bh5 44. Bd5 Be8 45. Bg8 h6 46.
Bd5 Bh5 47. h3 Bg6 1/2-1/2

[Event "Open 2003 des PSV Rostock"]
[Site "Rostock"]
[Date "2003.08.30"]
[Round "5.15"]
[White "Jaeger, Frank"]
[Black "Van Bentum, Horst"]
[Result "1/2-1/2"]
[WhiteElo "1780"]
[BlackElo "2090"]
[PlyCount "43"]
[EventDate "2003.08.28"]
[EventType "swiss"]
[EventRounds "7"]
[EventCountry "GER"]
[Source "Th. Schwetlick"]
[SourceDate "2003.08.28"]

1. e4 e5 2. Nf3 Nc6 3. Bb5 a6 4. Ba4 Nf6 5. O-O Be7 6. d4 exd4 7. e5 Ne4 8.
Nxd4 Nc5 9. Bxc6 dxc6 10. Nc3 O-O 11. Be3 Ne6 12. Nf5 Bg5 13. Bxg5 Qxg5 14. Qf3
Nf4 15. Ne7+ Kh8 16. Nxc8 Raxc8 17. Rfe1 Rce8 18. h4 Qh6 19. Re4 Ng6 20. Qg3
Qh5 21. Rae1 Re6 22. Qg5 1/2-1/2

[Event "Open 2003 des PSV Rostock"]
[Site "Rostock"]
[Date "2003.08.30"]
[Round "5.16"]
[White "Sonnenberger, Kirsten"]
[Black "Illgen, Alexander"]
[Result "0-1"]
[WhiteElo "2052"]
[BlackElo "1774"]
[PlyCount "24"]
[EventDate "2003.08.28"]
[EventType "swiss"]
[EventRounds "7"]
[EventCountry "GER"]
[Source "Th. Schwetlick"]
[SourceDate "2003.08.28"]

1. e4 e5 2. Nc3 Nc6 3. Nf3 d6 4. d4 exd4 5. Nxd4 Bd7 6. Bc4 Nf6 7. O-O Be7 8.
f4 O-O 9. a3 b6 10. b4 a5 11. b5 Nxd4 12. Qxd4 d5 0-1

[Event "Open 2003 des PSV Rostock"]
[Site "Rostock"]
[Date "2003.08.30"]
[Round "5.17"]
[White "Herde, Dittmar"]
[Black "Kuprat, Thomas"]
[Result "1/2-1/2"]
[WhiteElo "1773"]
[BlackElo "2012"]
[PlyCount "29"]
[EventDate "2003.08.28"]
[EventType "swiss"]
[EventRounds "7"]
[EventCountry "GER"]
[Source "Th. Schwetlick"]
[SourceDate "2003.08.28"]

1. d4 Nf6 2. c4 e6 3. Nc3 Bb4 4. Nf3 b6 5. e3 Ne4 6. Bd2 Nxd2 7. Qxd2 Bb7 8.
Be2 d5 9. a3 Be7 10. cxd5 exd5 11. b4 O-O 12. O-O Nd7 13. Rfc1 Rc8 14. Qd1 a6
15. Qb3 1/2-1/2

[Event "Open 2003 des PSV Rostock"]
[Site "Rostock"]
[Date "2003.08.30"]
[Round "5.18"]
[White "Brack, Peter"]
[Black "Hamann, Dirk"]
[Result "1-0"]
[WhiteElo "1916"]
[BlackElo "1709"]
[PlyCount "103"]
[EventDate "2003.08.28"]
[EventType "swiss"]
[EventRounds "7"]
[EventCountry "GER"]
[Source "Th. Schwetlick"]
[SourceDate "2003.08.28"]

1. Nf3 Nf6 2. d4 g6 3. Bg5 Bg7 4. e3 d6 5. Be2 O-O 6. O-O h6 7. Bh4 g5 8. Bg3
Ne4 9. Nbd2 Nxg3 10. hxg3 f5 11. c3 Nd7 12. Kh2 e5 13. dxe5 Nxe5 14. Nxe5 dxe5
15. e4 f4 16. g4 Be6 17. Bc4 Bxc4 18. Nxc4 b6 19. Qe2 Qe7 20. Rfd1 Rad8 21. Na3
Kh7 22. Rac1 Rf6 23. Rxd8 Qxd8 24. Nc4 Rf7 25. Rd1 Rd7 26. Rd2 Rxd2 27. Qxd2
Qxd2 28. Nxd2 Kg6 29. Kg1 Kf7 30. Kf1 Ke6 31. Ke2 Kd6 32. Kd3 Kc6 33. c4 Kc5
34. Kc3 a5 35. a3 a4 36. Nf3 c6 37. Ne1 b5 38. Nd3+ Kb6 39. cxb5 Kxb5 40. Ne1
Bh8 41. Nf3 Bf6 42. Kd3 Kc5 43. Nd2 Bd8 44. Nb1 Ba5 45. Nc3 Bxc3 46. Kxc3 Kb5
47. b3 Ka5 48. Kc4 axb3 49. Kxb3 Kb5 50. a4+ Ka5 51. Ka3 c5 52. Kb3 1-0

[Event "Open 2003 des PSV Rostock"]
[Site "Rostock"]
[Date "2003.08.30"]
[Round "5.19"]
[White "Raitza, Egon"]
[Black "Ott, Mathias"]
[Result "0-1"]
[WhiteElo "1684"]
[BlackElo "1899"]
[PlyCount "62"]
[EventDate "2003.08.28"]
[EventType "swiss"]
[EventRounds "7"]
[EventCountry "GER"]
[Source "Th. Schwetlick"]
[SourceDate "2003.08.28"]

1. d4 d5 2. Nf3 Nf6 3. e3 e6 4. Bd3 c5 5. c3 Nc6 6. Nbd2 Be7 7. O-O O-O 8. Qe2
b6 9. e4 dxe4 10. Nxe4 cxd4 11. Rd1 Qc7 12. cxd4 Rd8 13. Be3 Bb7 14. Rac1 Rac8
15. Ne5 Qb8 16. Nc3 Nxe5 17. dxe5 Qxe5 18. Ba6 Bxa6 19. Qxa6 Ng4 20. g3 Nxe3
21. Re1 Bc5 22. fxe3 Bxe3+ 23. Kh1 Qg5 24. Rc2 Rc7 25. Qe2 Bc5 26. Qf3 Rcd7 27.
Rce2 Bb4 28. Re5 Qe7 29. Rf1 Rd3 30. Qc6 Bxc3 31. bxc3 Qd6 0-1